A nurse's survival guide to acute medical emergencies (Record no. 8244)

MARC details
000 -LEADER
fixed length control field 01152nam a2200217 4500
020 ## - INTERNATIONAL STANDARD BOOK NUMBER
ISBN 9780702076664
020 ## - INTERNATIONAL STANDARD BOOK NUMBER
ISBN 9780702040443 0702040444
050 ## - CALL NUMBER
Classification number RT120
Item number .H24
100 ## - AUTHOR
Personal name Harrison, Richard M.D.;
245 ## - TITLE
Title A nurse's survival guide to acute medical emergencies
Statement of responsibility, etc Richard Harrison, Lynda Daly.
250 ## - EDITION
Edition statement 3rd ed
260 ## - PUBLICATION INFORMATION
Place of publication Edinburgh ; New York :
Name of publisher Churchill Livingstone/Elsevier,
Year of publication 2011.
300 ## - DESCRIPTION
Number of Pages xiii, 437 pages :
Other physical details illustrations ;
Dimensions 19 cm.
440 ## - SERIES
SERIES Nurse's survival guide.
500 ## - NOTES
General note Revised edition of: Acute medical emergencies / Richard Harrison, Lynda Daly. 2nd ed. 2006.
505 ## - FORMATTED CONTENTS NOTE
Table of Content Introduction : immediate assessment of the critically ill --<br/>Cardiology --<br/>Respiratory medicine --<br/>Acute neurological problems --<br/>Gastroenterology --<br/>Diabetic complications --<br/>Thromboembolic disease --<br/>Deliberate self-harm, alcohol, and substance abuse --<br/>The 'social admission' --<br/>Multisystem failure --<br/>Emerging problems : outbreaks and deliberate releases --<br/>SARS-toxins and biological agents.
650 ## - SUBJECTS
Topical Term Emergency nursing.
650 ## - SUBJECTS
Topical Term Medical emergencies.
700 ## - OTHER AUTHORS
Personal name Daly, Lynda
942 ## - ADDED ENTRY ELEMENTS (KOHA)
Koha item type Books
Holdings
Withdrawn status Lost status Collection code Home library Current library Shelving location Date acquired Source of acquisition Cost, normal purchase price Full call number Accession Number Koha item type
    Reference Methodist University Library Main Methodist University Library Main General Stacks 02/02/2022 Vidya Book Store 460.00 RT120 .H24 8642 Books
      Methodist University Library Main Methodist University Library Main General Stacks 02/02/2022 Vidya Book Store 460.00 RT120 .H24 8643 Books
Copyright © 2026  MUG Library